[Event "Warsaw Najdorf Memorial op-B"]
[Site "Warsaw"]
[Date "2021.07.16"]
[Round "7"]
[White "Wilgosz, Jan"]
[Black "Wasylewski, Marcin"]
[Result "1/2-1/2"]
[WhiteElo "1561"]
[BlackElo "1400"]
[PlyCount "74"]
[EventDate "2021.07.10"]
[EventType "swiss"]
[EventRounds "9"]
[EventCountry "POL"]
[SourceTitle "EXT 2022"]
[Source "ChessBase"]
[SourceDate "2021.10.06"]
[SourceVersion "1"]
[SourceVersionDate "2021.10.06"]
[SourceQuality "1"]

1. e4 c5 2. Nc3 Nc6 3. f4 g6 4. Nf3 Bg7 5. Bb5 Nd4 6. 0-0 Nxb5 7. Nxb5 a6 8. Nc3 e6 9. Qe1 Ne7 10. d3 0-0 11. Qh4 Nc6 12. Qxd8 Rxd8 13. f5 Nd4 14. Nxd4 Bxd4+ 15. Kh1 d5 16. fxg6 hxg6 17. Bg5 Rd6 18. Bf6 Bxc3 19. Bxc3 d4 20. Bd2 e5 21. Bg5 Kg7 22. Be7 Rc6 23. Rf2 b6 24. Raf1 f5 25. exf5 gxf5 26. g4 Rg6 27. g5 Bb7+ 28. Kg1 f4 29. h4 Kf7 30. Bf6 Rxf6 31. gxf6 Rg8+ 32. Kh2 Rg4 33. Kh3 Rg3+ 34. Kh2 Rg4 35. Kh3 Bc8 36. h5 Rg3+ 37. Kh4 Rh3+ 1/2-1/2

[Event "Warsaw YMCA Spring-C 200th"]
[Site "Warsaw"]
[Date "2018.06.20"]
[Round "12"]
[White "Wasylewski, Marcin"]
[Black "Bartczak, Hanna"]
[Result "1/2-1/2"]
[WhiteElo "1422"]
[BlackElo "1401"]
[PlyCount "108"]
[EventDate "2018.04.05"]
[EventType "tourn"]
[EventRounds "13"]
[EventCountry "POL"]
[SourceTitle "EXT 2021"]
[Source "ChessBase"]
[SourceDate "2020.10.23"]
[SourceVersion "1"]
[SourceVersionDate "2020.10.23"]
[SourceQuality "1"]

1. e4 d6 2. d4 Nf6 3. Nc3 g6 4. Nf3 Bg7 5. Bc4 0-0 6. 0-0 Nc6 7. h3 e5 8. Be3 exd4 9. Nxd4 Nxd4 10. Bxd4 Be6 11. Bxe6 fxe6 12. e5 Nh5 13. exd6 cxd6 14. Bxg7 Nxg7 15. Qd4 Qd7 16. Ne4 Ne8 17. Rfe1 e5 18. Qd5+ Qf7 19. Rad1 Qxd5 20. Rxd5 Rc8 21. c3 Rc6 22. Red1 Nf6 23. Nxf6+ Rxf6 24. Kf1 Kf8 25. Ke2 Ke7 26. Rb5 b6 27. Rd3 a6 28. Rbd5 b5 29. g3 Rc8 30. b4 Rcf8 31. f3 g5 32. a4 Rb8 33. axb5 Rxb5 34. Rxb5 axb5 35. Rd5 Rh6 36. Rxb5 Rxh3 37. Rb7+ Ke6 38. g4 Kd5 39. Rc7 Rh2+ 40. Kd3 Rh3 41. c4+ Ke6 42. Ke3 h5 43. gxh5 Rxh5 44. b5 Rh1 45. b6 Rb1 46. b7 Rb6 47. Kd2 Kf5 48. Rf7+ Kg6 49. Rc7 Kf5 50. Rf7+ Kg6 51. Rd7 Kf5 52. Rf7+ Kg6 53. Rc7 Kf5 54. Rf7+ Kg6 1/2-1/2

[Event "Warsaw YMCA Spring-C 200th"]
[Site "Warsaw"]
[Date "2018.05.30"]
[Round "9"]
[White "Wasylewski, Marcin"]
[Black "Szymanski, Pawel"]
[Result "1-0"]
[WhiteElo "1422"]
[BlackElo "1506"]
[PlyCount "53"]
[EventDate "2018.04.05"]
[EventType "tourn"]
[EventRounds "13"]
[EventCountry "POL"]
[SourceTitle "EXT 2021"]
[Source "ChessBase"]
[SourceDate "2020.10.23"]
[SourceVersion "1"]
[SourceVersionDate "2020.10.23"]
[SourceQuality "1"]

1. e4 e5 2. Nf3 Nc6 3. d4 exd4 4. Nxd4 Qh4 5. Nc3 Bb4 6. Be2 Qxe4 7. Ndb5 Bxc3+ 8. bxc3 Kd8 9. 0-0 Nf6 10. Re1 Re8 11. Be3 Nd5 12. Bf3 Nxe3 13. Rxe3 Qf4 14. g3 Qf6 15. Rxe8+ Kxe8 16. Nxc7+ Kf8 17. Nxa8 Qxc3 18. Bxc6 Qxc6 19. Qe2 d6 20. Re1 Be6 21. Qe4 d5 22. Qxh7 Qc3 23. Rb1 g6 24. Qh6+ Ke8 25. Qe3 Qxc2 26. Qb3 Qe4 27. Nc7+ 1-0

[Event "Warsaw YMCA Spring-C 200th"]
[Site "Warsaw"]
[Date "2018.05.01"]
[Round "5"]
[White "Wasylewski, Marcin"]
[Black "Kwiecinski, Rafal"]
[Result "1/2-1/2"]
[WhiteElo "1422"]
[BlackElo "1476"]
[PlyCount "134"]
[EventDate "2018.04.05"]
[EventType "tourn"]
[EventRounds "13"]
[EventCountry "POL"]
[SourceTitle "EXT 2021"]
[Source "ChessBase"]
[SourceDate "2020.10.23"]
[SourceVersion "1"]
[SourceVersionDate "2020.10.23"]
[SourceQuality "1"]

1. e4 c5 2. Nf3 Nc6 3. d4 cxd4 4. Nxd4 e5 5. Nb5 d6 6. N1c3 a6 7. Na3 h6 8. Nc4 b5 9. Ne3 Nf6 10. Ned5 Be7 11. Be3 Rb8 12. Be2 0-0 13. 0-0 Nh7 14. Qd2 Bg5 15. f4 exf4 16. Bxf4 Ne5 17. Bxg5 Nxg5 18. Bd3 Bg4 19. Be2 Bc8 20. a3 Bb7 21. Bd3 Qd7 22. Rf5 Qxf5 23. Ne7+ Kh8 24. Nxf5 Nef3+ 25. gxf3 Nxf3+ 26. Kf2 Nxd2 27. b3 Rfc8 28. Nd5 Bxd5 29. exd5 Rc5 30. Rd1 Rxd5 31. Rxd2 Re8 32. Re2 Rxe2+ 33. Kxe2 Re5+ 34. Kd2 d5 35. Kc3 h5 36. Kd4 f6 37. Nh4 Rg5 38. Ng6+ Kg8 39. Ne7+ Kf7 40. Nxd5 Rg2 41. h3 Rg3 42. c4 bxc4 43. Bxc4 Kf8 44. Nf4 Rf3 45. Nd3 Rxh3 46. Bxa6 g5 47. b4 g4 48. b5 Ke7 49. b6 Kd8 50. Nc5 Rxa3 51. Ne6+ Ke7 52. b7 Rb3 53. Nc5 Rb1 54. Kc4 g3 55. Bb5 g2 56. b8Q Rc1+ 57. Kd3 Rd1+ 58. Ke2 g1Q 59. Qe8+ Kd6 60. Nb7+ Kd5 61. Qd7+ Ke5 62. Qxd1 Qg2+ 63. Ke1 Qxb7 64. Qxh5+ Kf4 65. Qh4+ Ke5 66. Qh2+ Kd4 67. Qb2+ Kc5 1/2-1/2

[Event "Mazowiec-chT op 1718"]
[Site "Warsaw"]
[Date "2018.02.18"]
[Round "8.10"]
[White "Kokoszczynski, Jan"]
[Black "Wasylewski, Marcin"]
[Result "1-0"]
[WhiteElo "2115"]
[BlackElo "1392"]
[PlyCount "67"]
[EventDate "2017.12.03"]
[EventType "team-swiss"]
[EventRounds "10"]
[EventCountry "POL"]
[SourceTitle "EXT 2020"]
[Source "ChessBase"]
[SourceDate "2019.10.17"]
[SourceVersion "1"]
[SourceVersionDate "2019.10.17"]
[SourceQuality "1"]

1. e4 c5 2. Nf3 d6 3. d4 cxd4 4. Nxd4 Nf6 5. Nc3 a6 6. Bg5 e6 7. f4 Be7 8. Qf3 Nbd7 9. 0-0-0 h6 10. Bxf6 Bxf6 11. Bc4 Nb6 12. Bb3 Qc7 13. f5 0-0 14. fxe6 fxe6 15. Nxe6 Bxe6 16. Bxe6+ Kh8 17. Qd3 Bxc3 18. Qxc3 Qxc3 19. bxc3 Na4 20. Rxd6 Nxc3 21. Bd5 Rf2 22. Bxb7 Rb8 23. Rd7 Nxa2+ 24. Kb2 Nb4 25. Kc3 a5 26. Rhd1 Rxc2+ 27. Kd4 Rxg2 28. e5 Rg4+ 29. Kc5 Rg5 30. Rd8+ Rxd8 31. Rxd8+ Kh7 32. Kd6 Kg6 33. Be4+ Kf7 34. e6+ 1-0

[Event "Mazowiec-chT op 1718"]
[Site "Warsaw"]
[Date "2018.02.18"]
[Round "7.11"]
[White "Wasylewski, Marcin"]
[Black "Goral, Antoni"]
[Result "1-0"]
[WhiteElo "1392"]
[BlackElo "1042"]
[PlyCount "115"]
[EventDate "2017.12.03"]
[EventType "team-swiss"]
[EventRounds "10"]
[EventCountry "POL"]
[SourceTitle "EXT 2020"]
[Source "ChessBase"]
[SourceDate "2019.10.17"]
[SourceVersion "1"]
[SourceVersionDate "2019.10.17"]
[SourceQuality "1"]

1. e4 e6 2. d4 d5 3. Nc3 Nf6 4. Bg5 Bb4 5. e5 h6 6. exf6 hxg5 7. fxg7 Rg8 8. Qh5 Qf6 9. Nf3 Qxg7 10. Bd3 Nc6 11. a3 Ba5 12. Bb5 Bd7 13. Bxc6 Bxc6 14. h4 gxh4 15. 0-0-0 Rh8 16. Qe5 Qxe5 17. Nxe5 Bd7 18. Nf3 0-0-0 19. Rxh4 Rxh4 20. Nxh4 Rg8 21. g3 f6 22. Rg1 f5 23. f4 c6 24. Nf3 Bc7 25. Na4 Bd6 26. Nc5 Bxc5 27. dxc5 Be8 28. Ne5 Kc7 29. Kd2 b6 30. cxb6+ axb6 31. Ke3 Bh5 32. Kf2 Bg4 33. Rh1 Rg7 34. Rh6 Kd6 35. Rh8 Kc5 36. Rc8 Kb5 37. Rxc6 Re7 38. Rc8 Rh7 39. Nxg4 fxg4 40. Kg2 Re7 41. Rg8 Rc7 42. c3 d4 43. Rxg4 dxc3 44. bxc3 Rxc3 45. Rg6 Rc6 46. g4 Ka4 47. f5 Kxa3 48. Rxe6 Rc2+ 49. Kf3 Rc3+ 50. Re3 Rxe3+ 51. Kxe3 b5 52. f6 b4 53. f7 b3 54. f8Q+ Ka2 55. Qa8+ Kb1 56. Kd3 b2 57. Kc3 Kc1 58. Qh1# 1-0

[Event "Mazowiec-chT op 1516"]
[Site "Poland"]
[Date "2016.02.21"]
[Round "10.4"]
[White "Runowiecki, Tadeusz"]
[Black "Wasylewski, Marcin"]
[Result "1-0"]
[WhiteElo "1859"]
[BlackElo "1094"]
[PlyCount "103"]
[EventDate "2015.11.29"]
[EventType "team-tourn"]
[EventRounds "10"]
[EventCountry "POL"]
[SourceTitle "EXT 2019"]
[Source "ChessBase"]
[SourceDate "2018.10.10"]
[SourceVersion "1"]
[SourceVersionDate "2018.10.10"]
[SourceQuality "1"]

1. e4 c5 2. Nf3 d6 3. d4 cxd4 4. Qxd4 Nc6 5. Bb5 Bd7 6. Bxc6 Bxc6 7. 0-0 Nf6 8. Nc3 e6 9. Bg5 Be7 10. Rfe1 0-0 11. Rad1 Qc7 12. Bh4 Rfd8 13. Qe3 a6 14. h3 b5 15. a3 Rac8 16. Nd4 Bb7 17. Rd2 Qa5 18. Red1 b4 19. Nb3 Qh5 20. Bxf6 bxc3 21. Bxc3 e5 22. Qe2 Qg6 23. f3 Bg5 24. Rd3 Bc6 25. Qf2 Bb5 26. Rd5 Bc4 27. Ra5 Bb5 28. a4 Bc4 29. Nd2 Be6 30. Kh1 Rc6 31. Nf1 Rd7 32. Ne3 Bd8 33. Rad5 Bxd5 34. Nxd5 Rb7 35. Nb4 Rc4 36. Nd3 Bb6 37. Qh4 Qf6 38. Qg4 Rbc7 39. Nb4 Qe6 40. Qh4 f6 41. Qe1 a5 42. Nd5 Rb7 43. Qe2 Rxa4 44. Qa6 Qd7 45. Nxb6 Ra7 46. Qd3 Qc6 47. Nxa4 Qxa4 48. Qxd6 Qe8 49. Qd8 Kf7 50. Qxe8+ Kxe8 51. Ra1 Kd7 52. Rxa5 1-0